Les 20 villes les plus peuplées de la Meurthe-et-Moselle sur une carte - Statistiques

Statistiques générales
  • Ce quiz a été pris 64 fois
  • Le résultat moyen est 12 sur 20
Réponses sur la Carte
Les réponses sont colorées sur une échelle allant du rouge au vert en fonction du pourcentage des utilisateurs qui les ont devinées à leur premier essai. Vous pouvez retrouver ces pourcentages ci-dessous.
 
Statistiques - réponses
Population Ville % Correct
104 387 Nancy
100%
15 570 Toul
91%
17 920 Lunéville
89%
29 697 Vandœuvre-lès-Nancy
89%
15 492 Longwy
85%
14 383 Pont-à-Mousson
72%
15 126 Laxou
64%
10 014 Maxéville
60%
7 906 Val de Briey
60%
14 938 Villers-lès-Nancy
60%
8 733 Essey-lès-Nancy
53%
7 818 Malzéville
53%
10 100 Saint-Max
47%
9 282 Mont-Saint-Martin
45%
9 362 Jarville-la-Malgrange
43%
8 090 Jarny
38%
9 040 Tomblaine
38%
10 086 Villerupt
38%
9 528 Dombasle-sur-Meurthe
32%
7 363 Saint-Nicolas-de-Port
32%
Aucun quiz correspondant
Distribution des résultats
% des personnes avec chaque résultat
Percentile par nombre de réponses
Votre historique - résultats
Vous n’avez pas pris ce quiz